000 00748nam a2200181Ia 4500
008 100920s9999 xx 000 0 und d
082 _b104224
_a28 व 891 न 08
100 _aदेवळे श.रा.
245 _aरामायण महाभारतातील निवडक गोष्टी.
260 _bसाकेत,औांगाबाद.
_c2008
300 _a48
_bसाधी
365 _b45
520 _aबा.वि.लघुकथा.
630 _aरामायण महाभारतातील निवडक गोष्टी.
650 _aबा.वि.लघुकथा.
730 _aरामायण महाभारतातील निवडक गोष्टी.
942 _cBOOK
999 _c744656
_d744653